02657nam a2200541Ia 45000010005000000080041000050100009000460410014000550820018000692450277000872600013003643000008003775200007003856300021003926300014004136300015004276500024004426900024004667000040004907000043005307000046005739010098006199020006007179030048007239040018007719050036007899060006008259070014008319080014008459090057008599100015009169110010009319120014009419130009009559140024009649150019009889160009010079170009010169180014010259190024010395200993010639210007020569220007020639230006020709240014020769420010020909990015021002661241029s9999 xx 000 0 und d a2498 aEspañol aM. G. C (019) 0aIncidencia de la gestión en la administración y uso del tiempo escolar, en los Centros del Nivel Básico: Manuel de Jesús Jorge y Experimental Luis Napoleón Nuñez Molina, en el Segundo Ciclo del año 2008-2009,del Distrito Educativo 03 Regional 08 de Santiago  aSantiago a127 a31 aAdministración aGestión aIncidencia aGestión Educativa aCopiado sin cambios easesora Castillo, Miguel Ángel eautora Arias Martínez, Hugo Antonio eautora Ureña Taveras, Francisco Javier a{"1":" Arias Martínez","2":" Ureña Taveras"}b{"1":"Hugo Antonio","2":"Francisco Javier"} a1 a{"1":" Castillo"}b{"1":"Miguel Ángel"} aMagíster en aGestión de Centros Educativos a2 aNO APLICA aNO APLICA aISFODOSU, Recinto Luís Napoleón Núñez Molina aNULLbNULL a["1"] aNO APLICA aNULL a01 de Junio de 2009 a20/07/15 11:07 aNULL aNULL aNO APLICA a["269","111","209"] aLa investigación consistió en determinar como se administra y se usa el tiempo en los Centros de Básica Manuel de Jesús Jorge y Experimental Luis Napoleón Núñez Molina, para ofrecer sugerencia y recomendaciones que permitan mejorar la labor educativa de la zona.La metodología es de corte y descriptiva, ya que se reseñan característica y rasgo de una situación. Se aplicaron cuestionarios a directores, docentes, alumnos y padres, con una muestra de 83 estudiantes en la Escuela Básica Luis Napoleón Núñez Molina, 21 estudiantes en el Centro Manuel de Jesús Jorge, todos los docentes involucrados, 2 directores y 2 padres por grado.Los resultados indican que estos Centros trabajan por encima del promedio de tiempo de hora clase, que se emplean en el país, según la encuesta Gallup, en el año 2007, lo que fue de 2.59 horas-minutos. Se recomienda a directivos, docentes, alumnos y padres acogerse al horario que propone la SEE; 8:00 AM a 12:30 P.M. a11 a11 a0 aNO APLICA cTesis c2498d2498